[Event "COL-ch sf"]
[Site "Pereira"]
[Date "2024.03.30"]
[Round "8"]
[White "Alvarez Guzman, Joseph Emmanuel"]
[Black "Acevedo Hernandez, Fausto"]
[Result "0-1"]
[WhiteElo "1500"]
[BlackElo "1765"]
[PlyCount "40"]
[EventDate "2024.03.26"]
[EventType "swiss"]
[EventRounds "11"]
[EventCountry "COL"]
[SourceTitle "CB14_2024"]
[SourceDate "2024.04.01"]
[SourceVersion "1"]
[SourceVersionDate "2024.04.01"]
[SourceQuality "1"]

1. e4 e5 2. Nf3 Nc6 3. Bc4 Nf6 4. Nc3 Bc5 5. d3 d6 6. 0-0 h6 7. Be3 Bb6 8. Bb5 0-0 9. Bxc6 bxc6 10. h3 Bb7 11. a4 a5 12. Ne2 Nh5 13. d4 Ba6 14. dxe5 Bxe3 15. fxe3 Bxe2 16. Qxe2 Ng3 17. Qc4 Nxf1 18. Rxf1 Qd7 19. Rd1 Rab8 20. e6 fxe6 0-1

[Event "Pereira Fiestas de la Cosecha op"]
[Site "Pereira"]
[Date "2023.08.27"]
[Round "7"]
[White "Cuellar Canosa, Nicolas"]
[Black "Acevedo Hernandez, Fausto"]
[Result "1-0"]
[WhiteElo "1852"]
[BlackElo "1556"]
[PlyCount "140"]
[EventDate "2023.08.24"]
[EventType "swiss"]
[EventRounds "7"]
[EventCountry "COL"]
[SourceTitle "EXT 2024"]
[Source "ChessBase"]
[SourceDate "2023.10.10"]
[SourceVersion "1"]
[SourceVersionDate "2023.10.10"]
[SourceQuality "1"]

1. b3 Nf6 2. Bb2 e6 3. e3 d5 4. Nf3 Nbd7 5. c4 b6 6. cxd5 Nxd5 7. Bb5 Be7 8. 0-0 Bf6 9. Bxf6 N5xf6 10. Bc6 Rb8 11. Qc2 0-0 12. Rc1 Nc5 13. d4 Nb7 14. Nbd2 Na5 15. Ne5 Qd6 16. Ndc4 Nxc4 17. Qxc4 Bb7 18. Qa4 a5 19. Bxb7 Rxb7 20. Rc6 Qb4 21. Qxb4 axb4 22. Nd3 Nd5 23. e4 Nc3 24. f3 Ne2+ 25. Kf2 Nxd4 26. Rc4 c5 27. Nxb4 Ra7 28. Nc2 Nb5 29. a4 Nd6 30. Rc3 Nb7 31. Rd1 Na5 32. Na3 Nc6 33. Rd6 Rc8 34. Nb5 Re7 35. Rcd3 g6 36. Rd2 h5 37. Ke3 Kg7 38. Rd7 Kf8 39. R2d6 Rxd7 40. Rxd7 Ne5 41. Rb7 c4 42. bxc4 Nxc4+ 43. Kf4 Kg7 44. Nc7 e5+ 45. Kg5 f6+ 46. Kh4 Kh6 47. Nd5 g5+ 48. Kg3 h4+ 49. Kf2 Ra8 50. Nc3 Rd8 51. Nd5 f5 52. Rc7 fxe4 53. fxe4 Rf8+ 54. Ke2 Nb2 55. Rc6+ Kg7 56. Nc3 Ra8 57. Rxb6 Nxa4 58. Rb7+ Kg6 59. Nd5 Nc5 60. Rb6+ Kg7 61. Rb4 Ra2+ 62. Kf3 Kh6 63. Rc4 Ra3+ 64. Kg4 Nd3 65. Rc6+ Kg7 66. Kxg5 Ra2 67. Ne3 Nf4 68. Kf5 Kf8 69. Kxe5 Nxg2 70. Ng4 Ra5+ 1-0

[Event "Pereira Fiestas de la Cosecha op"]
[Site "Pereira"]
[Date "2023.08.26"]
[Round "4"]
[White "Acevedo Hernandez, Fausto"]
[Black "Bermudez Rojas, Alejandro"]
[Result "1/2-1/2"]
[WhiteElo "1556"]
[BlackElo "1127"]
[PlyCount "124"]
[EventDate "2023.08.24"]
[EventType "swiss"]
[EventRounds "7"]
[EventCountry "COL"]
[SourceTitle "EXT 2024"]
[Source "ChessBase"]
[SourceDate "2023.10.10"]
[SourceVersion "1"]
[SourceVersionDate "2023.10.10"]
[SourceQuality "1"]

1. d4 Nf6 2. c4 g6 3. Nc3 Bg7 4. e4 d6 5. Bg5 h6 6. Be3 0-0 7. Nf3 e5 8. Qd2 Ng4 9. Be2 Nc6 10. d5 Ne7 11. h3 Nxe3 12. Qxe3 f5 13. 0-0-0 f4 14. Qd3 a6 15. g3 Bd7 16. gxf4 exf4 17. Rdg1 b5 18. a3 bxc4 19. Qxc4 Bb5 20. Nxb5 axb5 21. Qb3 b4 22. axb4 Qd7 23. Nd2 Rfb8 24. Kc2 Ra4 25. b5 Rd4 26. Ra1 g5 27. Ra4 Ng6 28. Rxd4 Bxd4 29. f3 Ne5 30. Nb1 Kg7 31. Na3 h5 32. Nc4 Nf7 33. Na5 Nd8 34. Qc4 Be5 35. Nc6 Nxc6 36. dxc6 Qf7 37. Qb4 d5 38. Qc5 Rd8 39. Rg1 Bf6 40. Rd1 dxe4 41. Rxd8 Bxd8 42. Qd4+ Bf6 43. Qxe4 Qg6 44. Qxg6+ Kxg6 45. Bd3+ Kf7 46. Bf5 Bd4 47. b3 Kf6 48. Bd7 Ke5 49. Kd3 Bb6 50. Kc4 Kd6 51. Be8 g4 52. fxg4 f3 53. Bg6 hxg4 54. hxg4 f2 55. Bd3 Ke5 56. g5 Ba7 57. Kb4 f1Q 58. Bxf1 Kf5 59. Kc4 Kxg5 60. Bd3 Bb6 61. b4 Kf4 62. Bf1 Ke5 1/2-1/2

[Event "Pereira Fiestas de la Cosecha op"]
[Site "Pereira"]
[Date "2023.08.26"]
[Round "5"]
[White "Vasquez Zambrano, Alejandra"]
[Black "Acevedo Hernandez, Fausto"]
[Result "0-1"]
[WhiteElo "1080"]
[BlackElo "1556"]
[PlyCount "56"]
[EventDate "2023.08.24"]
[EventType "swiss"]
[EventRounds "7"]
[EventCountry "COL"]
[SourceTitle "EXT 2024"]
[Source "ChessBase"]
[SourceDate "2023.10.10"]
[SourceVersion "1"]
[SourceVersionDate "2023.10.10"]
[SourceQuality "1"]

1. d4 Nf6 2. c4 e6 3. a3 d5 4. Nc3 Be7 5. cxd5 exd5 6. Nf3 c6 7. Bf4 Nbd7 8. e3 Nf8 9. Bd3 Ng6 10. Bg3 Bd6 11. 0-0 Bg4 12. h3 Bh5 13. Ne2 Bxf3 14. gxf3 Nh5 15. Kg2 Nxg3 16. fxg3 0-0 17. Rh1 Re8 18. Qg1 Qe7 19. e4 Qg5 20. h4 Qd2 21. Qb1 dxe4 22. fxe4 Rxe4 23. Bxe4 Qxe2+ 24. Kh3 Qe3 25. Rg1 Nf4+ 26. Kh2 Ne2 27. Bxh7+ Kh8 28. Qe1 Bxg3+ 0-1

[Event "Pereira Fiestas de la Cosecha op"]
[Site "Pereira"]
[Date "2023.08.25"]
[Round "3"]
[White "Mateus, Martha"]
[Black "Acevedo Hernandez, Fausto"]
[Result "1-0"]
[WhiteElo "1955"]
[BlackElo "1556"]
[PlyCount "73"]
[EventDate "2023.08.24"]
[EventType "swiss"]
[EventRounds "7"]
[EventCountry "COL"]
[SourceTitle "EXT 2024"]
[Source "ChessBase"]
[SourceDate "2023.10.10"]
[SourceVersion "1"]
[SourceVersionDate "2023.10.10"]
[SourceQuality "1"]

1. e4 e5 2. Nc3 Nf6 3. f4 d5 4. fxe5 Nxe4 5. Nf3 Bg4 6. Qe2 Nxc3 7. dxc3 Bxf3 8. Qxf3 Qh4+ 9. g3 Qe4+ 10. Qxe4 dxe4 11. Bg2 Nd7 12. Bxe4 0-0-0 13. Bf4 Nc5 14. Bf5+ Ne6 15. 0-0 Be7 16. Rad1 g6 17. Bh3 Rxd1 18. Rxd1 Rd8 19. Rd3 c6 20. Kf2 Kc7 21. Rxd8 Kxd8 22. Be3 b6 23. Ke2 Nc7 24. c4 c5 25. Kd3 Ne6 26. Bg2 Kd7 27. Bd5 g5 28. Ke4 h6 29. c3 Bf8 30. Kf5 Be7 31. Bxe6+ fxe6+ 32. Kg6 Bf8 33. h4 gxh4 34. gxh4 Be7 35. h5 Bh4 36. Bxh6 Ke8 37. Bg7 1-0

[Event "COL-ch Visually impaired"]
[Site "Cartagena"]
[Date "2019.12.04"]
[Round "3.7"]
[White "Acevedo Hernandez, Fausto"]
[Black "Quintero, Raul"]
[Result "0-1"]
[WhiteElo "1508"]
[BlackElo "1856"]
[PlyCount "80"]
[EventDate "2019.12.03"]
[EventType "swiss"]
[EventRounds "6"]
[EventCountry "COL"]
[SourceTitle "EXT 2024"]
[Source "ChessBase"]
[SourceDate "2023.10.10"]
[SourceVersion "1"]
[SourceVersionDate "2023.10.10"]
[SourceQuality "1"]

1. d4 Nf6 2. c4 g6 3. Nf3 Bg7 4. Nc3 d6 5. e4 0-0 6. Be2 c6 7. 0-0 Qc7 8. Bf4 Nh5 9. Bg3 Nd7 10. Rc1 Bh6 11. Nd2 Nxg3 12. hxg3 a5 13. f4 Qb6 14. Nb3 e5 15. Rc2 a4 16. c5 dxc5 17. dxc5 Qb4 18. Nc1 Nxc5 19. Nb1 Nxe4 20. Rc4 Qb6+ 21. Kh2 f5 22. Rxa4 Be6 23. Bc4 Bxc4 24. Rxc4 exf4 25. gxf4 Qc7 26. Nd3 Rfd8 27. Qf3 Rxa2 28. Ne5 Rxb2 29. Rcc1 Kg7 30. Rcd1 Rd5 31. Nc3 Rdd2 32. Rg1 Qe7 33. Nxe4 fxe4 34. Qh3 Bxf4+ 35. Kh1 Bxe5 36. Rde1 Rd3 37. Qg4 e3 38. Rgf1 h5 39. Qh3 Qg5 40. Rxe3 Qxe3 0-1

[Event "COL-chT Interligas"]
[Site "Palmira"]
[Date "2019.04.29"]
[Round "5.3"]
[White "Acevedo Hernandez, Fausto"]
[Black "Quinones, Fernando"]
[Result "0-1"]
[WhiteElo "1538"]
[BlackElo "1724"]
[PlyCount "48"]
[EventDate "2019.04.27"]
[EventType "team-swiss"]
[EventRounds "6"]
[EventCountry "COL"]
[SourceTitle "CBM 190 Extra"]
[Source "ChessBase"]
[SourceDate "2019.07.15"]
[SourceVersion "1"]
[SourceVersionDate "2019.07.15"]
[SourceQuality "1"]
[WhiteTeam "Valle Visuales"]
[BlackTeam "Valle Talentos Palmira"]
[WhiteTeamCountry "COL"]
[BlackTeamCountry "COL"]

1. d4 d5 2. c4 e6 3. Nf3 Nf6 4. Bg5 Be7 5. Nc3 0-0 6. e3 a6 7. c5 b6 8. Na4 Bd7 9. Rc1 Bxa4 10. Qxa4 Nbd7 11. c6 b5 12. Qb3 Nb6 13. Bd3 h6 14. Bh4 Re8 15. 0-0 Nh5 16. Bxe7 Qxe7 17. Qd1 Nf6 18. Ne5 Qd6 19. Bb1 Nc4 20. Qc2 Nxe5 21. dxe5 Qxe5 22. b3 g6 23. Qe2 Kg7 24. Rc5 Ne4 0-1

[Event "COL-ch visual limited"]
[Site "Barranquilla"]
[Date "2017.11.10"]
[Round "2.6"]
[White "Acevedo Hernandez, Fausto"]
[Black "Franco Perez, William"]
[Result "1-0"]
[WhiteElo "1499"]
[BlackElo "1676"]
[PlyCount "24"]
[EventDate "2017.11.09"]
[EventType "swiss"]
[EventRounds "5"]
[EventCountry "COL"]
[SourceTitle "EXT 2024"]
[Source "ChessBase"]
[SourceDate "2023.10.10"]
[SourceVersion "1"]
[SourceVersionDate "2023.10.10"]
[SourceQuality "1"]

1. d4 Nf6 2. Nf3 d6 3. Bg5 Nbd7 4. Nbd2 g6 5. e3 Bg7 6. Bd3 c5 7. c3 h6 8. Bh4 0-0 9. 0-0 Re8 10. e4 Qb6 11. Qb3 cxd4 12. Nxd4 Qxb3 1-0

[Event "Gobernacion op"]
[Site "Gobernacion"]
[Date "2015.11.28"]
[Round "1"]
[White "Torres, Saulo de Jesus"]
[Black "Acevedo Hernandez, Fausto"]
[Result "1/2-1/2"]
[WhiteElo "1886"]
[BlackElo "1466"]
[PlyCount "63"]
[EventDate "2015.11.28"]
[EventType "swiss"]
[EventRounds "7"]
[EventCountry "COL"]
[SourceTitle "EXT 2017"]
[Source "ChessBase"]
[SourceDate "2016.10.25"]
[SourceVersion "1"]
[SourceVersionDate "2016.10.25"]
[SourceQuality "1"]

1. e4 c5 2. Nc3 g6 3. f4 Bg7 4. Nf3 Nc6 5. Bb5 Nd4 6. Nxd4 Bxd4 7. Ne2 Bg7 8. Bc4 e6 9. Nc3 a6 10. a4 Ne7 11. 0-0 0-0 12. d3 d5 13. Bb3 dxe4 14. Nxe4 Nf5 15. c3 b6 16. a5 Bb7 17. axb6 Qxb6 18. Bc4 Bxe4 19. dxe4 Nd6 20. Qe2 Nxc4 21. Qxc4 Qb5 22. Qa4 Rfd8 23. Qc2 a5 24. Be3 Rab8 25. Rfd1 Rxd1+ 26. Rxd1 h6 27. Rd2 a4 28. Qd1 c4 29. h3 Qb3 30. Rd8+ Rxd8 31. Qxd8+ Kh7 32. Bd4 1/2-1/2

[Event "COL-ch visually impaired 4th"]
[Site "Bogota"]
[Date "2013.11.08"]
[Round "5.8"]
[White "Cancino, Johan Camilo"]
[Black "Acevedo Hernandez, Fausto"]
[Result "0-1"]
[WhiteElo "1548"]
[BlackElo "1640"]
[PlyCount "58"]
[EventDate "2013.11.08"]
[EventType "swiss"]
[EventRounds "5"]
[EventCountry "COL"]
[SourceTitle "EXT 2024"]
[Source "ChessBase"]
[SourceDate "2023.10.10"]
[SourceVersion "1"]
[SourceVersionDate "2023.10.10"]
[SourceQuality "1"]

1. e4 c5 2. Nf3 e6 3. d4 cxd4 4. Nxd4 a6 5. Nc3 Qc7 6. Be3 d6 7. Be2 Nc6 8. 0-0 g6 9. Qd2 Bg7 10. Rad1 Nxd4 11. Bxd4 e5 12. Be3 Nf6 13. Qxd6 Qxd6 14. Rxd6 0-0 15. Bg5 Be6 16. f4 h6 17. Bxf6 Bxf6 18. f5 Be7 19. Rd3 Bc4 20. Rg3 Bxe2 21. Nxe2 g5 22. f6 Bc5+ 23. Kh1 Rfd8 24. h4 Kh7 25. hxg5 h5 26. Rh3 Kg6 27. Rf5 Rd1+ 28. Kh2 Re1 29. Rxe5 Bd6 0-1